Gebauter Raum : Architektur, Landschaft, Mensch : Beiträge des fünften Münchner Arbeitskreises Junge Aegyptologie (MAJA 5), 12.12. bis 14.12.2014 /

محفوظ في:

مؤلف مشترك: Gebauter Raum : Architektur - Landschaft - Mensch (Workshop) Munich, Germany)

مؤلفون آخرون: Beck, Susanne (Egyptologist)

التنسيق: وقائع المؤتمر كتاب

اللغة: English

سلاسل: Gottinger Orientforschungen IV. Reihe, Agypten ; 62.
GOF ; 62.

الموضوعات:

الوسوم: إضافة وسم

لا توجد وسوم, كن أول من يضع وسما على هذه التسجيلة!

رقم الطلب: DT57 .G65 v.62

LEADER 01437namaa2200337 4500
003 OSt
005 20200322145753.0
008 130303s2016 gw ab g b 100 0 eng d
952 |0 0  |1 0  |2 lcc  |3 V.62  |4 0  |6 DT0057 G65 V.00062  |7 1  |9 593  |a ARCE  |b ARCE  |d 2020-03-19  |l 0  |o DT57 .G65 v.62  |p 1008661  |r 2020-03-19 00:00:00  |w 2020-03-19  |y BK 
999 |c 1529  |d 1529 
020 |a 9783447106320 
040 |c ARCE Library 
043 |a f-ua--- 
050 0 4 |a DT57 .G65 v.62 
111 2 |a Gebauter Raum : Architektur - Landschaft - Mensch (Workshop)  |d (2014 :  |c Munich, Germany)  |9 20852 
245 1 0 |a Gebauter Raum :  |b Architektur, Landschaft, Mensch : Beiträge des fünften Münchner Arbeitskreises Junge Aegyptologie (MAJA 5), 12.12. bis 14.12.2014 /  |c herausgegeben von Susanne Beck [and four others]. 
264 1 |a Wiesbaden :  |b Harrassowitz Verlag,  |c 2016. 
300 |a 222 pages :  |b illustrations (some color), maps ;  |c 24 cm. 
336 |a text  |b txt  |2 rdacontent 
337 |a unmediated  |b n  |2 rdamedia 
338 |a volume  |b nc  |2 rdacarrier 
490 1 |a Gottinger Orientforschungen IV. Reihe, Agypten ;  |v 62 
490 1 |a GOF ;   |v 62. 
504 |a Includes bibliographical references. 
650 0 |a Architecture, Egyptian  |v Congresses. 
651 0 |a Egypt  |x Antiquities  |v Congresses. 
700 1 |a Beck, Susanne  |c (Egyptologist) 
830 0 |a Gottinger Orientforschungen IV. Reihe, Agypten ;  |v 62. 
830 0 |a GOF ;   |v 62. 
901 |a reviewed 
942 |c BK  |2 lcc